00000000nam##2200000za#4500
0019.519537
003CaOODSP
00520200327031612
007ta
008150406|1992||||xxc|||||     f|0| 0 fre|d
020 |a0-660-57091-2
022 |a0706-148X
040 |aCaOODSP|bfre
041 |aeng
041 |afre
043 |an-cn---
0861 |aS52-2/211-1992
1101 |aCanada.|bSecrétariat d'État du Canada. |bBureau de la traduction.
24510|aVocabulaire du génie cellulaire, Volume I: Structure cellulaire / |cpar Edgard Delvin et Gisèle Pham.
260 |aOttawa - Ontario : |bSecrétariat d'État du Canada. |c1992.
300 |a315p. : |c22 cm.
4901 |aBulletin de terminologie|x0706-148X|v211
500 |aProjet conjoint du Conseil de recherches médicales du Canada et du Secrétariat d'État du Canada.
504 |aBibliographie.
546 |aBilingue
563 |aCouverture souple
590 |a92-17|b1992-04-24
69107|aBiotechnologie|2gcpds
69107|aTerminologie|2gcpds
7201 |aDelvin, Edgard
7201 |aPham, Gisèle
7760#|tVocabulary of cell engineering. Volume I: Cell structure / |w(CaOODSP)9.590515
791 |tVocabulary of cell engineering, Volume I: Cell structure / |eeng|w(CaOODSP)9.519536
830#0|aBulletin de terminologie,|x0706-148X|v211|w(CaOODSP)9.509599